000 00967nam0a22002531 4500
001 rc\2576193
005 20260407130914.0
035 _a(NLR Aleph) 006740849
090 _a5642729
_c5642729
100 _a20110914d1928 |||y0rusy50 ca
101 0 _arus
102 _aRU
105 _ay z |||||
200 1 _aЗаконодательство о труде на сезонных работах
_e(Практический комментарий)
_fА. Ф. Лях
210 _aМосква
_cВопросы труда
_d1928
_g"Интернациональная" 39-я тип. "Мосполиграф"
215 _a106, [2] с., [4] с. объявл.
_d20х14 см.
700 1 _aЛях
_bА.Ф.
_gАрсений Федорович
742 1 _aСССР
_tЗаконы и постановления
_3RU\NLR\AUTH\889980004
_9456309
801 0 _aRU
_bNLR
_gpsbo
801 1 _aRU
_bELAR
_2rusmarc
852 _aNLR
_j46/516
942 _cBOOK
980 _aNB